| 000 | 00741cam a2200253 4500500 | ||
|---|---|---|---|
| 005 | 20260405003338.0 | ||
| 041 | _afre | ||
| 042 | _adc | ||
| 100 | 1 | 0 |
_aPortevin, Catherine _eauthor |
| 245 | 0 | 0 | _aMaylis de Kerangal-Camille Riquier. À voix nues |
| 260 | _c2021. | ||
| 500 | _a34 | ||
| 690 | _aCamille Riquier | ||
| 690 | _aFaiblesse | ||
| 690 | _aForce | ||
| 690 | _aFragilité | ||
| 690 | _aJean-Louis Chrétien | ||
| 690 | _aMaylis de Kerangal | ||
| 690 | _aPrécarité | ||
| 690 | _aVoix | ||
| 690 | _aVulnérabilité | ||
| 786 | 0 | _nPhilosophie magazine | 152 | 9 | 2021-09-01 | p. 35-37 | 1951-1787 | |
| 856 | 4 | 1 | _uhttps://shs.cairn.info/magazine-philosophie-magazine-2021-9-page-35?lang=fr&redirect-ssocas=7080 |
| 999 |
_c2066699 _d2066699 |
||